Fußball Top 10 #25 (Top Transfers der MLS) - Statistiken

Allgemein
  • Dieses Quiz wurde 11 mal gespielt
  • Das Durchschnittsergebnis liegt bei 3 aus 10
Antwortstatistiken
Platz Abgebender Verein Aufnehmender Verein Trasnfersumme Spieler % Korrekt
4 Tottenham LA FC 22 Mio. € Heung-min Son
100%
8 FC Dallas FC Augsburg 16,36 Mio. € Ricardo Pepi
44%
1 Chicago Aston Villa 29,5 Mio. € Jhon Durán
33%
3 Atlanta Newcastle United 24 Mio. € Miguel Almirón
33%
6 Norwich City Toronto 18,65 Mio. € Josh Sargent
22%
2 Atlanta Botafogo 24,15 Mio. € Thiago Almada
22%
9 Atlanta Al-Nassr 16 Mio. € Gonzalo Martínez
11%
10 New England Chelsea FC 16 Mio. € Djordje Petrovic
0%
5 Middlesbrough Atlanta 21,25 Mio. € Emmanuel Latte Lath
0%
7 New York City Lazio Rom 18,6 Mio. € Taty Castellanos
0%
Keine übereinstimmenden Quizze gefunden
Verteilung der Resultate
Anzahl Personen mit jedem Resultat
Perzentil nach korrekt beantworteten Fragen
Ihre Resultats-Entwicklung
Sie haben dieses Quiz noch nicht gespielt